000 02085nam a2200565 i 4500
001 53777
003 KOSZ 005
005 20210113135644.0
008 070201s2007 pl a f f |001 0 pol
015 _aUWD 2007/3395
020 _a836050170X
020 _a9788360501702
035 _a991032775249705066
035 _a(PL-WaBN)b18789158-48omnis_nlop
035 _ab18789158
035 _a(OCoLC)749370936
035 _a(PL)b0000001878915
035 _a(EXLNZ-48OMNIS_NETWORK)9910472259105606
040 _aWA N
_cWA N
_dKR U
_dKOSZ 005/HR
041 1 _aeng
_heng
046 _k2006
080 _a316.7
080 _a(075.8)
100 1 _aJenkins, Henry
_d(1958- )
_eAutor
245 1 0 _aKultura konwergencji :
_bzderzenie starych i nowych mediów /
_cHenry Jenkins ; tł. Małgorzata Bernatowicz, Mirosław Filiciak.
246 1 _iTyt. oryg.:
_aConvergence culture :
_bwhere old and new media collide,
_f2006
260 _aWarszawa :
_bWydawnictwa Akademickie i Profesjonalne,
_c2007.
300 _aXVII, [1], 283, [3] s. :
_bil. ;
_c24 cm.
336 _aTekst
_btxt
_2rdacontent
337 _aBez urządzenia pośredniczącego
_bn
_2rdamedia
338 _aWolumin
_bnc
_2rdacarrier
380 _aKsiążki
380 _aPublikacje dydaktyczne
385 _mPoziom nauczania
_aSzkoły wyższe
388 _a2001-
490 1 _aEdukacja Medialna
504 _aIndeks.
521 8 _aDla studentów dziennikarstwa i komunikacji społecznej, nauk politycznych, kulturoznawstwa i socjologii.
650 7 _aKultura masowa
_2DBN
650 7 _aŚrodki masowego przekazu
_2DBN
650 7 _aKonwergencja mediów
655 7 _aPodręczniki akademickie
_2DBN
658 _aMedia i komunikacja społeczna
700 1 _aBernatowicz, Małgorzata
_eTłumaczenie
700 1 _aFiliciak, Mirosław
_d(1976- )
_eTłumaczenie
830 0 _aEdukacja Medialna
856 _uhttp://koha.tu.koszalin.pl/cgi-bin/koha/opac-detail.pl?biblionumber=53777
_yKatalog online BPK
942 _2UKD
_cKS
999 _c53777
_d53777